Literacy in theory and practice (Record no. 233834)

MARC details
000 -LEADER
fixed length control field 00628nam a2200217Ia 4500
008 - FIXED-LENGTH DATA ELEMENTS--GENERAL INFORMATION
fixed length control field 191130s1984##################000#0#eng##
020 ## - INTERNATIONAL STANDARD BOOK NUMBER
ISBN 0521247853
082 ## - DEWEY DECIMAL CLASSIFICATION NUMBER
Classification number 302.2 STR
100 ## - MAIN ENTRY--AUTHOR NAME
Personal name Street, Brian V
245 ## - TITLE STATEMENT
Title Literacy in theory and practice
Statement of responsibility, etc Brian V. Street
260 ## - PUBLICATION, DISTRIBUTION, ETC. (IMPRINT)
Place of publication Cambridge
Name of publisher Cambridge University Press
Year of publication 1984
300 ## - PHYSICAL DESCRIPTION
Number of Pages xi, 243 p. ; 24 cm
500 ## - GENERAL NOTE
General note Includes index. Bibliography: p. 233-239
650 ## - SUBJECT ADDED ENTRY--TOPICAL TERM
Topical Term Literacy
Topical Term Literacy - Iran - Case studies
991 ## -
-- 29853
Holdings
Withdrawn status Lost status Damaged status Not for loan Home library Current library Shelving location Date acquired Full call number Accession Number Price effective from Koha item type
        Anna Centenary Library Anna Centenary Library 3RD FLOOR, B WING 13.10.2020 302.2 STR 102120 13.10.2020 English Books

Find us on the map